A influência da liderança nas empresas, Estudo de Caso, na Escola de Saúde Castelo, Lda ) ESCA) (Record no. 2223)
[ view plain ]
| 000 -Etiqueta do registo | |
|---|---|
| Campo de controlo de comprimento fixo | 00429 a2200157 4500 |
| 020 ## - ISBN (NÚMERO DE LIVRO PADRÃO INTERNACIONAL) | |
| ISBN | N/S |
| 040 ## - Fonte de Catalogação | |
| Agência de catalogação | Biblioteca de Posgraduação- Universidade Lusíada de Angola |
| 082 ## - DEWEY DECIMAL CLASSIFICATION NUMBER | |
| Número de classificação | 658.3 |
| 100 ## - Nome Pessoal | |
| 9 (RLIN) | 1049 |
| Autor | PERREIRA, Paulino Joaquim Araj͠o |
| 245 ## - Declaração de Título | |
| Título | A influn̊cia da lideranȧ nas empresas, Estudo de Caso, na Escola de Sad͠e Castelo, Lda ) ESCA) |
| 250 ## - Indicação da edição | |
| Edição | Universidade Lusa̕da |
| 260 ## - Publicação e Destribuíção | |
| Local de edição/distribuição | Luanda |
| 300 ## - Descrição Física | |
| Nº Pág. | 144p |
| 650 ## - MATERIA | |
| MATERIA | Recursos Humanos |
| 942 ## - - Elementos de entrada adicionados (koha) | |
| Tipo de documento | Dissertações de Grado e Mestrado |
No items available.
